1122 1767 1671 1886 1123 1050 2000 1385 1349 1474 1691 1060 1980 1355 1142 1614 1413 1944 1833 1550 1097 1369 1592 1361 1049 1444 1399 1742 1664 1949 1314 1071 1942 1811 1844 1732 1962 1038 1855 1494 1234 1645 1442 1013 1482 1913 1523 1524 2000 1239 1696 1785 1071 1210 1222 1831 1644 1089 1862 1192 1063 1140 1089 1050 2000 1933 1261 1353 1541 1258 1269 1218 1565 1999 1410 1770 1294 1059 1575 1473 1401 1271 1123 1994 1188 1427 1340 1369 1953 1331 1557 1836 1011 1236 1005 1162 1115 1068 1057 BCNSPRNW ULIB Ver.6.0+V

เปลี่ยนเป็นภาษาไทย

Change to English
 แสดงรายละเอียดบรรณานุกรม
  กลับหน้าหลัก

Brief Record : Get Marc (ISO 2709) : E-mail record : QR code < ปิดหน้าต่าง
LEADER : 00000nam 2200000uu 4500
001    13399109883
003     ULIB
008    110418s2550||||th 000 0 tha d
020    9789747838770
060 04 WD220^bป335ต 2550
245 00 ตำราปัญหาสารนํ้าอิเล็กโตรไลต์และดุลกรดด่างในเด็ก /^cบรรณาธิการ ประไพพิมพ์ ธีรคุปต์ ... [และคนอื่นๆ]
250    พิมพ์ครั้งที่ 1
260    กรุงเทพฯ :^bชมรมโรคไตเด็กแห่งประเทศไทย,^c2550
300    349 หน้า :^bภาพประกอบ ;^c26 ซม.
650  2 Water-electrolyte Imbalance^xin infancy & chilhood
650  7 อีเล็คโตรลัยท์^xในวัยทารกและวัยเด็ก
650  7 กรด^xในวัยทารกและวัยเด็ก
650  7 ไต, โรค^xในวัยทารกและวัยเด็ก
650  7 สารนํ้าในนํ้าลาย^xในวัยทารกและวัยเด็ก
700 0  ประไพพิมพ์ ธีรคุปต์,^eบรรณาธิการ
945    ^p400^l0^i022980
995    ทศพร
999 ^a ใช้งานได้ทุกระบบ
รายการนี้ยังไม่มีแท็ก
คุณยังไม่ได้ล็อกอิน คุณสามารถมีกิจกรรมร่วมกับเว็บไซต์ได้ แต่ต้องล็อกอินก่อน ::
  ล็อกอิน

รายการสื่อสารสนเทศ

ลำดับที่ ประเภท เลขเรียก/บาร์โค้ด สถานที่ สถานะ
- ไม่พบข้อมูล -

BibComment


ยังไม่เคยถูกคอมเมนท์

คอมเมนท์ทรัพยากรรายการนี้
  คอมเมนท์: ตำราปัญหาสารนํ้าอ..


 Copyright 2026. Bcnsprnw @Library